Leben und Thaten des scharfsinnigen Edlen Don Quijote von der Mancha (Record no. 2701)
[ view plain ]
| 000 -CABECERA | |
|---|---|
| campo de control de longitud fija | 01601nam a2200337 a 4500 |
| 001 - NÚMERO DE CONTROL | |
| campo de control | BRCA_2962 |
| 005 - FECHA Y HORA DE LA ÚLTIMA TRANSACCIÓN | |
| campo de control | 20190320204039.0 |
| 008 - DATOS DE LONGITUD FIJA--INFORMACIÓN GENERAL | |
| campo de control de longitud fija | 181208s1893----gw-a---###---#000-0#ger-u |
| 041 ## - CÓDIGO DE LENGUA | |
| Código de lengua del texto/banda sonora o título independiente | ger |
| 044 ## - CÓDIGO DEL PAÍS DE LA ENTIDAD EDITORA/PRODUCTORA | |
| Código MARC del país | gw |
| 084 ## - OTRO NÚMERO DE CLASIFICACIÓN | |
| Número de clasificación | 300 |
| Número de documento/Ítem | .K539 |
| -- | 1893 |
| 100 1# - ENTRADA PRINCIPAL--NOMBRE DE PERSONA | |
| Nombre de persona | Cervantes Saavedra, Miguel de |
| Fechas asociadas al nombre | 1547-1616 |
| 9 (RLIN) | 213 |
| 245 10 - MENCIÓN DE TÍTULO | |
| Título | Leben und Thaten des scharfsinnigen Edlen Don Quijote von der Mancha |
| Mención de responsabilidad, etc. | aus dem Spanischen des Miguel de Cervantes Saavedra. |
| 260 ## - PUBLICACIÓN, DISTRIBUCIÓN, ETC. | |
| Lugar de publicación, distribución, etc. | Leipzig |
| Nombre del editor, distribuidor, etc. | Th. Knaur |
| Fecha de publicación, distribución, etc. | 1893 |
| 300 ## - DESCRIPCIÓN FÍSICA | |
| Extensión | 384 p. |
| Otras características físicas | il. |
| Dimensiones | 36 cm. |
| 500 ## - NOTA GENERAL | |
| Nota general | Contenido : Primera parte. Prefacio de la cuarta edición por Wolzogen. Texto. Segunda parte. Texto |
| 500 ## - NOTA GENERAL | |
| Nota general | Edición : Neu Bearbeitet von Ernst von Wolzogen. Illustrationen von Gustavo Doré |
| 500 ## - NOTA GENERAL | |
| Nota general | Traducción de Ernst von Wolzogen, con los dibujos de G. Doré. Copia de la edición de Berlín de 1884. Edición de lujo, espléndidamente impresa. Semitela; lomeras y cubiertas decoradas con adornos dorados y motivos quijotiles en varios colores Lúdovik Osterc |
| 500 ## - NOTA GENERAL | |
| Nota general | Inclue índice : De ilustraciones |
| 500 ## - NOTA GENERAL | |
| Nota general | QM535B |
| 546 ## - NOTA DE LENGUA/LENGUAJE | |
| Nota de lengua/lenguaje | Texto en : alemán |
| 650 14 - PUNTO DE ACCESO ADICIONAL DE MATERIA--TÉRMINO DE MATERIA | |
| Término de materia o nombre geográfico como elemento de entrada | Novela española |
| Subdivisión cronológica | Época clásica, 1500-1700 |
| 9 (RLIN) | 215 |
| 650 14 - PUNTO DE ACCESO ADICIONAL DE MATERIA--TÉRMINO DE MATERIA | |
| Término de materia o nombre geográfico como elemento de entrada | Literatura española |
| Subdivisión cronológica | Época clásica, 1500-1700 |
| 9 (RLIN) | 216 |
| 650 14 - PUNTO DE ACCESO ADICIONAL DE MATERIA--TÉRMINO DE MATERIA | |
| Término de materia o nombre geográfico como elemento de entrada | Novela española |
| Subdivisión cronológica | Siglo XVII |
| 9 (RLIN) | 217 |
| 650 14 - PUNTO DE ACCESO ADICIONAL DE MATERIA--TÉRMINO DE MATERIA | |
| Término de materia o nombre geográfico como elemento de entrada | Don Quijote (Personaje ficticio) |
| Término indicativo de función/relación | Novela |
| 9 (RLIN) | 218 |
| 700 1# - PUNTO DE ACCESO ADICIONAL--NOMBRE DE PERSONA | |
| Nombre de persona | Wolzogen, Ernst Freiherr von |
| Fechas asociadas al nombre | 1855-1934 |
| Término indicativo de función/relación | Traductor |
| 9 (RLIN) | 8220 |
| 700 1# - PUNTO DE ACCESO ADICIONAL--NOMBRE DE PERSONA | |
| Nombre de persona | Doré, Paul Gustave |
| Fechas asociadas al nombre | 1832-1883 |
| Término indicativo de función/relación | Ilustrador |
| 9 (RLIN) | 8221 |
| 740 0# - PUNTO DE ACCESO ADICIONAL--TÍTULO RELACIONADO O ANALÍTICO NO CONTROLADO | |
| Título relacionado o analítico no controlado | El Ingenioso Hidalgo Don Quijote de la Mancha |
| 902 ## - CATALOGADOR | |
| Iniciales | QFM |
| 942 ## - ELEMENTOS DE PUNTO DE ACCESO ADICIONAL (KOHA) | |
| Fuente del sistema de clasificación o colocación | Library of Congress Classification |
| Tipo de ítem Koha | Libros |
| Estado de retiro | Estado de pérdida | Estado dañado | No para préstamo | Localización permanente | Ubicación/localización actual | Fecha de adquisición | Número de inventario | Total de préstamos | Signatura topográfica completa | Código de barras | Fecha visto por última vez | Precio válido a partir de | Tipo de ítem Koha |
|---|---|---|---|---|---|---|---|---|---|---|---|---|---|
| El ejemplar forma parte de la colección y puede ser consultado según las políticas vigentes. | Biblioteca del Museo Franz Mayer (Rogerio Casas-Alatriste) | Biblioteca del Museo Franz Mayer (Rogerio Casas-Alatriste) | 17/12/2008 | QM535B | 300 .K539 1893 (QM535B) | 2959 | 22/03/2019 | 22/03/2019 | Libros |